Ricostruisci la Carriera del Calciatore - Daniele Verde - Statistics

Statistiche generali
  • Questo quiz è stato fatto 7 volte
  • Il punteggio medio è 2 su 8
Statistiche sulle risposte
Hint Risposta % Corretto
2020- Spezia
80%
2016-2017 Avellino
20%
2016 Pescara
20%
2018-2019 Real Valladolid
20%
2014-2015 Roma
20%
2017-2018 Verona
20%
2019-2020 AEK Atene
0%
2015-2016 Frosinone
0%
Nessun quiz corrispondente trovato
Distribuzione punteggi
Percentuale di utenti per punteggio
Percentile per numero di risposta
I tuoi punteggi nel tempo
Non hai fatto questo quiz